Lexical Cohesion and Corpus Linguistics

Uloženo v:
Podrobná bibliografie
Hlavní autor: Flowerdew, John (Autor)
Další autoři: Mahlberg, Michaela (autora)
Médium: Kniha
Jazyk:angličtina
Vydáno: Amsterdam John Benjamins Publishing Company 2009
Vydání:1a. ed
Edice:Benjamin Current Topics, 17
Témata:
Tagy: Přidat tag
Žádné tagy, Buďte první, kdo vytvoří štítek k tomuto záznamu!

MARC

LEADER 00000nam a2200000 a 4500
001 UCH5952
003 CL-VaPUC
008 091105e20090000NE |||||||||||||||||eng|d
020 |a 9789027222312 
082 0 4 |a 401.41  |b FLO  |2 21 
100 0 |a Flowerdew, John  |e author  |9 542324 
700 |a Mahlberg, Michaela  |e autora  |9 542325 
245 1 0 |a Lexical Cohesion and Corpus Linguistics 
250 |a 1a. ed 
300 |a 124 p 
942 |c BK 
945 |d 20091105 00:00:00  |a dcastane 
260 |a Amsterdam  |b John Benjamins Publishing Company  |c 2009 
650 0 |a Análisis del discurso  |9 256696 
650 0 |a Investigación lingüística  |9 329785 
650 0 |a Psicolingüística   |9 283371 
650 7 |a COHESION LINGUISTICA  |2 CL-VaPUC  |9 470966 
583 |a last modification  |c 20091105 00:00:00  |k Rodrigo Vera 
490 0 |a Benjamin Current Topics, 17 
999 |c 336946  |d 336944 
952 |0 0  |1 0  |4 0  |6 401_410000000000000_FLO_2009  |7 0  |8 A  |9 429018  |a FDOPOS  |b FDOPOS  |d 2019-11-22  |i 4613872  |o 401.41 FLO 2009  |p 4613872  |r 2025-01-22  |w 2019-11-22  |y BK  |k DLA